Diccionario bilingüe de términos de interés para las cinecias agropecuarias : inglés-español, español-inglés /
Guardado en:
| Autor Principal: | |
|---|---|
| Formato: | Libro |
| Publicado: |
Córdoba :
Comunicarte
|
| Edición: | 1ª ed. |
| Materias: | |
| Etiquetas: |
Agregar Etiqueta
Sin Etiquetas, Sea el primero en etiquetar este registro!
|
| LEADER | 00652nam a22001815a 4500 | ||
|---|---|---|---|
| 001 | CEM.cems017446 | ||
| 005 | 20130429110222.0 | ||
| 008 | 130507b######################000#0#####d | ||
| 003 | CEMS | ||
| 020 | |a 9879280501 | ||
| 082 | 0 | 4 | |a C423 |
| 100 | 1 | |a Pérez de Pereyra, Alicia Inés | |
| 245 | 1 | 0 | |a Diccionario bilingüe de términos de interés para las cinecias agropecuarias : |b inglés-español, español-inglés / |c Alicia Inés Pérez de Pereyra y Norma Beariz Aguilar de Espinosa |
| 250 | |a 1ª ed. | ||
| 260 | |a Córdoba : |b Comunicarte | ||
| 300 | |a 192 p. | ||
| 653 | |a Diccionario agropecuario | ||
| 859 | |a CEMS |b BIB. CEMS - Agricultura |h C423 |i P415 |p A1190.10 |t Ej.1 | ||
